Largest Towns in Norfolk on a Map - Statistics

General Stats
  • This quiz has been taken 94 times
  • The average score is 13 of 21
Answers on the Map
Answers color-coded by a green-red scale on the quiz's map according to % correct below.
 
Answer Stats
Answer Population % Correct
Norwich 200,752
100%
King's Lynn 47,610
95%
Cromer 7,524
90%
Great Yarmouth 28,982
89%
Thetford 25,492
81%
Sheringham 7,093
77%
Fakenham 8,385
74%
Diss 9,599
71%
Dereham 20,785
68%
Wymondham 16,335
67%
North Walsham 12,829
66%
Swaffham 8,434
62%
Downham Market 11,342
58%
Aylsham 7,184
56%
Gorleston-on-Sea 24,481
56%
Attleborough 11,232
55%
Caister-on-Sea 9,095
47%
Taverham / Drayton 14,989
40%
Watton 11,543
37%
Poringland 7,104
26%
Bradwell 11,628
21%
No matching quizzes found
Score Distribution
Percent of People with Each Score
Percentile by Number Answered
Your Score History
You have not taken this quiz